Simposio Nacional de la Ciencia del Suelo
Zapisane w:
| Format: | Książka |
|---|---|
| Język: | hiszpański |
| Wydane: |
Santiago
Universidad de Chile. Facultad de Agronomía
1978
|
| Hasła przedmiotowe: | |
| Etykiety: |
Dodaj etykietę
Nie ma etykietki, Dołącz pierwszą etykiete!
|
MARC
| LEADER | 00000nam a2200000 a 4500 | ||
|---|---|---|---|
| 001 | UCU6455 | ||
| 003 | CL-VaPUC | ||
| 005 | 20230621074139.0 | ||
| 008 | 960621e19780000cl 1 spa d | ||
| 082 | 0 | 4 | |a 631.4 |b SIM |2 21 |
| 245 | 1 | 0 | |a Simposio Nacional de la Ciencia del Suelo |
| 260 | |a Santiago |b Universidad de Chile. Facultad de Agronomía |c 1978 | ||
| 300 | |a 2 v | ||
| 583 | |a last modification |c 19960621 00:00:00 |k Rodrigo Vera | ||
| 650 | 0 | 0 | |a Suelos |9 260322 |
| 650 | 0 | 7 | |a CLASIFICACION DE SUELOS |2 CL-VaPUC |9 617825 |
| 650 | 0 | 7 | |a RECURSOS DEL SUELO |2 CL-VaPUC |9 364275 |
| 650 | 0 | 0 | |a Fertilidad del agua |9 264571 |
| 650 | 0 | 0 | |a Geología |9 260984 |
| 650 | 0 | 0 | |a Agronomía |9 358010 |
| 942 | |c BK | ||
| 945 | |a cmena |d 19960621 00:00:00 | ||
| 546 | |a En Español | ||
| 518 | |p Simposio Nacional de la Ciencia del Suelo, 2, Santiago, 17 al 20 de Octubre de 1978 | ||
| 999 | |c 382664 |d 382662 | ||
| 952 | |0 0 |1 0 |4 0 |6 631_400000000000000_SIM_1978 |7 0 |8 A |9 504475 |a BIBING |b BIBING |d 2020-01-23 |h v.2 |i 1688901 |o 631.4 SIM 1978 |p 1688901 |r 2025-01-20 |w 2020-01-23 |y BK |k GEO | ||